| 000 | 01328nam a2200301 a 4500 | ||
|---|---|---|---|
| 001 | 72740 | ||
| 003 | BD-RjUL | ||
| 005 | 20211209082314.0 | ||
| 008 | 170523s1958 maua b 001 0 eng | ||
| 035 | _a(BD-RjUL)72958 | ||
| 040 |
_aDLC _cDLC _dICU _dDLC _dBD-RjUL _beng |
||
| 041 | _aeng | ||
| 082 | 0 | 0 |
_223 _a616.0757 _bRAD 1958 |
| 245 | 0 | 0 |
_aRadiation biology and medicine : _bselected reviews in the life sciences / _cEdited by Walter D. Claus. |
| 260 |
_aReading, Mass. : _bAddison-Wesley Pub. Co., _cc1958. |
||
| 300 |
_axx, 944 p. : _bill. ; _c24 cm. |
||
| 500 | _aPrepared for the United States Atomic Energy Commission. | ||
| 500 | _a"The Geneva presentation volumes presented by the U.S.A. at the Second International Conference on the Peaceful uses of Atomic Energy, Geneva, September 1958." | ||
| 504 | _aIncludes bibliographies. | ||
| 650 | 0 |
_aRadiobiology. _9215168 |
|
| 650 | 0 |
_aNuclear medicine. _9215169 |
|
| 700 |
_aClaus, Walter D., _qEditor _9215170 |
||
| 710 | 2 |
_aU.S. Atomic Energy Commission. _9116692 |
|
| 711 | 2 |
_aInternational Conference on the Peaceful Uses of Atomic Energy _n(2nd : _d1958 : _cGeneva, Switzerland) _9165249 |
|
| 830 |
_aAddison-Wesley books in nuclear science and metallurgy. _9165246 |
||
| 942 |
_2ddc _cBK |
||
| 999 |
_c72740 _d72740 |
||